000 00266nam a2200121Ia 4500
100 _aOulsnam S R
942 _cBK
654 _aMechanics
245 _aMechanics Of Materials & Machine
260 _bMac Millian And Co.
082 _a620.1
_bDul
546 _aENGLISH
999 _c25802
_d25802